| 000 | 01715cam a2200457 a 4500 | ||
|---|---|---|---|
| 001 | 21408 | ||
| 003 | VRT | ||
| 005 | 20260228144618.0 | ||
| 008 | 240318s2012 xo a b 000 f slo | ||
| 015 | _aSNBA2013 | ||
| 020 |
_a9788010022267 _q(viaz.) |
||
| 035 | _a1AFB46B7-BBD4-45EE-AE96-C2F13E604E4C | ||
| 035 | _aurn:nbn:sk:snk-amjlj7 | ||
| 035 | _aurn:nbn:sk:snk-am002cjy | ||
| 039 | 9 |
_a202403181343 _bVLOAD _c201611150929 _dmkpoh03 _c201508271443 _dVLOAD _c201508271113 _dVLOAD |
|
| 040 |
_aSVKBB _bslo _cSVKBB _dSNK _eAACR2 |
||
| 041 | 0 | _aslo | |
| 044 |
_axo _cSK |
||
| 072 | 7 |
_a821.162.4-3 _xSlovenská próza _2konspekt |
|
| 072 | 7 |
_a821-93 _xLiteratúra pre deti a mládež (beletria) _2konspekt |
|
| 080 |
_a821.162.4-32 _22001 |
||
| 080 |
_a821-93 _22001 |
||
| 100 | 1 |
_aFutová, Gabriela, _d1971- _4aut |
|
| 245 | 1 | 0 |
_aNaša mama je bosorka! _cGabriela Futová ; [ilustrácie Katarína Slaninková] |
| 250 | _a4. vyd. | ||
| 260 |
_aBratislava _bSlovenské pedagogické nakladateľstvo - Mladé letá _c2012 |
||
| 300 |
_a91 s. _bilustr. _c24 cm |
||
| 655 | 7 |
_aslovenské príbehy _2SNKPH |
|
| 655 | 7 |
_apublikácie pre deti _2SNKPH |
|
| 655 | 7 |
_aSlovak stories _2SNKPHeng |
|
| 655 | 7 |
_aChildren's literature _2SNKPHeng |
|
| 700 | 1 |
_aSlaninková, Katarína, _d1975- _4ill |
|
| 910 | _apokpoh | ||
| 942 |
_2ddc _cKLDE _n0 |
||
| 949 |
_62889189462 _asavukPV 16775 _bsavuk2012/3912 |
||
| 949 |
_6270001000402516 _asvkbbB 48568 _bsvkbbm 730221 |
||
| 949 |
_617A1031974 _asnkSC 151250 _bsnk2012/19040 _o2039/12 |
||
| 949 |
_617A1031975 _asnkSC 151250 D1 _bsnk2012/19041 _o2039/12 |
||
| 949 |
_6273K0554609 _asvkpoB 88650 _bsvkpo556986 _rPoškodený obal |
||
| 999 |
_c21408 _d21408 |
||